[Event "KUP CENTRALNE SRBIJE"]
[Site "Kragujevac"]
[Date "2016.04.21"]
[Round "3.7"]
[White "Jelisavcic, Srdjan"]
[Black "Trifunovic, Mladen"]
[Result "1-0"]
[WhiteElo "2089"]
[BlackElo "1720"]
[PlyCount "108"]
[EventDate "2016.04.20"]

1. e4 e5 2. d4 exd4 3. Qxd4 Nc6 4. Qe3 b6 5. Nc3 Bc5 6. Qg3 g6 7. Bd2 Bb7 8.
O-O-O Bd6 9. f4 Qe7 10. Nd5 Qe6 11. Bc3 f6 12. Bc4 Kd8 13. e5 fxe5 14. Nxb6
exf4 15. Qh4+ Qe7 16. Qxe7+ Ngxe7 17. Nxa8 Ne5 18. Nf3 N7c6 19. Nxc7 Bxc7 20.
Bd5 Re8 21. Rhe1 Ng4 22. Rxe8+ Kxe8 23. Re1+ Ne3 24. Bd2 Bb6 25. Bxe3 Bxe3+ 26.
Kb1 Ba6 27. g3 Kd8 28. gxf4 Bxf4 29. Be4 Ne7 30. b3 d5 31. Bd3 Bc8 32. h4 Bg4
33. Ng5 Bd2 34. Rg1 h5 35. Nf7+ Kc7 36. Ne5 Bf5 37. Nxg6 Nxg6 38. Bxf5 Nxh4 39.
Bh3 Nf3 40. Rf1 Ng5 41. Bg2 d4 42. Rh1 Ne6 43. Rxh5 Nf4 44. Rh7+ Kd6 45. Bf3 a5
46. a3 Bc3 47. Rb7 Kc5 48. Rc7+ Kb5 49. Kc1 Kb6 50. Rf7 Nh3 51. Rf6+ Kc5 52.
Rf5+ Kb6 53. Kd1 a4 54. bxa4 Bb2 1-0